Every Pokemon on Wikipedia - Statistics

General Stats
  • This quiz has been taken 6 times
  • The average score is 41 of 67
Answer Stats
No. Type Pokémon % Correct
#0009 Water Blastoise
100%
#0001 Grass Poison Bulbasaur
100%
#0012 Bug Flying Butterfree
100%
#0006 Fire Flying Charizard
100%
#0025 Electric Pikachu
100%
#0026 Electric Raichu
100%
#0007 Water Squirtle
100%
#0257 Fire Fighting Blaziken
83%
#0149 Dragon Flying Dragonite
83%
#0039 Normal Fairy Jigglypuff
83%
#0151 Psychic Mew
83%
#0150 Psychic Mewtwo
83%
#0143 Normal Snorlax
83%
#0133 Normal Eevee
67%
#0282 Psychic Fairy Gardevoir
67%
#0094 Ghost Poison Gengar
67%
#0130 Water Flying Gyarados
67%
#0093 Ghost Poison Haunter
67%
#0124 Ice Psychic Jynx
67%
#0129 Water Magikarp
67%
#0052 Normal Meowth
67%
#0038 Fire Ninetales
67%
#0127 Bug Pinsir
67%
#0054 Water Psyduck
67%
#0079 Water Psychic Slowpoke
67%
#0100 Electric Voltorb
67%
#0110 Poison Weezing
67%
#0883 Water Ice Arctovish
50%
#0881 Electric Ice Arctozolt
50%
#0729 Water Brionne
50%
#0609 Ghost Fire Chandelure
50%
#0104 Ground Cubone
50%
#0225 Ice Flying Delibird
50%
#0132 Normal Ditto
50%
#0882 Water Dragon Dracovish
50%
#0880 Electric Dragon Dracozolt
50%
#0884 Steel Dragon Duraludon
50%
#0907 Grass Floragato
50%
#0909 Fire Fuecoco
50%
#0445 Dragon Ground Garchomp
50%
#0900 Bug Rock Kleavor
50%
#0707 Steel Fairy Klefki
50%
#0448 Fighting Steel Lucario
50%
#0687 Dark Psychic Malamar
50%
#0303 Steel Fairy Mawile
50%
#0808 Steel Meltan
50%
#0908 Grass Dark Meowscarada
50%
#0778 Ghost Fairy Mimikyu
50%
#0122 Psychic Fairy Mr. Mime
50%
#0417 Electric Pachirisu
50%
#0728 Water Popplio
50%
#0730 Water Fairy Primarina
50%
#0378 Ice Regice
50%
#0895 Dragon Regidrago
50%
#0894 Electric Regieleki
50%
#0486 Normal Regigigas
50%
#0377 Rock Regirock
50%
#0379 Steel Registeel
50%
#0813 Fire Scorbunny
50%
#0816 Water Sobble
50%
#0906 Grass Sprigatito
50%
#0959 Fairy Steel Tinkaton
50%
#0157 Fire Typhlosion
50%
#0201 Psychic Unown
50%
#0831 Normal Wooloo
50%
#0194 Water Ground Wooper
50%
#0571 Dark Zoroark
50%
No matching quizzes found
Score Distribution
Percent of People with Each Score
Percentile by Number Answered
Your Score History
You have not taken this quiz